Prebytky rozpočtu využíva írska vláda na znižovanie daní

Írska republika ako jedna z najdynamickejšie sa rozvíjajúcich ekonomík v Európe. Rozpočtové hospodárenie Írska. Daňové úľavy.

Gespeichert in:
Bibliographische Detailangaben
1. Verfasser: Mareček, Ján
Format: Buchkapitel
Sprache:Slowakisch
Schlagworte:
Tags: Tag hinzufügen
Keine Tags, Fügen Sie das erste Tag hinzu!

MARC

LEADER 00000naa a2200000 4500
001 r036627
005 20230824102310.5
041 0 |a slo 
044 |a SK 
245 1 0 |a Prebytky rozpočtu využíva írska vláda na znižovanie daní  |c Ján Mareček 
520 |a Írska republika ako jedna z najdynamickejšie sa rozvíjajúcich ekonomík v Európe. Rozpočtové hospodárenie Írska. Daňové úľavy. 
610 2 0 |a vývoj hospodársky 
610 2 0 |a hospodárenie finančné 
610 2 0 |a rozpočet štátny 
610 2 0 |a politika rozpočtová 
610 2 0 |a úľavy daňové 
610 2 0 |a Írsko 
100 1 |a Mareček, Ján